Представление документа в формате RUSMARC

ПолеНазваниеЗначение
  Тип записи a
  Библиографический уровень m
001 Контрольный номер RU/IS/BASE/521026063
005 Дата корректировки 20260323132121.2
010 Индекс ISBN __
a ISBN 978-5-367-02519-4
b Уточнения в пер.
d Цена 40 р. 00 к.
9 Тираж 240 055 экз.
100 Данные общей обработки __
a Данные общей обработки 20160512d2016 ||| 0rusy0189 ca
101 Язык документа 0_
a Язык текста rus
102 Страна публикации __
a Страна публикации RU
105 Кодированные данные (монография) __
a Кодированные данные (монография) y###||||000|y
181 Поле кодированных данных: вид содержания _1
a Код вида содержания (ISBD) i#
b Код характеристики содержания (ISBD) #xxe##
d i
g x
h x
i e
2 Код системы (источник кода, отличный от ISBD) isbdcontent
182 Поле кодированных данных: тип средства _1
a Код типа средства (ISBD) n
2 Код системы (источник кода, отличный от ISBD) isbdmedia
200 Заглавие и сведения об ответственности 1_
a Заглавие Здоровый желудок: Пищеварительная система
f Первые сведения об ответственности В. Г. Лифляндский
210 Выходные данные 1_
a Место издания Санкт-Петербург
c Издательство Амфора
d Дата издания 2013
215 Физическое описание __
a Объем 62, [1] с.
c Иллюстрации/тип воспроизводства ил.
d Формат 24,5 см.
225 Серия 0_
a Серия Семейная энциклопедия здоровья
300 Общие примечания __
a Общие примечания 12+
300 Общие примечания __
a Общие примечания Специальный выпуск журнала "Лиза" "Семейная энциклопедия здоровья". Вып. № 3, 2013
300 Общие примечания __
a Общие примечания Наобл. и тит. л. авт. не указан
606 Тематические рубрики 1_
a Основная рубрика Болезни системы пищеварения
610 Ключевые слова 0_
a Ключевые слова желудок; пищеварительная система; питание диетическое; фитотерапия; массаж; лечебная физкультура; издания справочные; советы врачей
686 Индексы других классификаций __
a Классификационный индекс 54.13
2 Код системы ББК
700 Автор _0
a Фамилия Лифляндский
b Имя (инициалы) В. Г.
g Полное личное имя Владислав Геннадьевич
801 Источник записи _0
a Страна RU
b Организация МБУК ЦБС
c Дата составления 20160512
g Правила каталогизации RCR
801 Источник записи _1
a Страна RU
b Организация МБУК ЦБС г. Ульяновска
c Дата составления 20160512
g Правила каталогизации RCR
899 Данные о местонахождении __
i Авторский знак Л 64
j Расстановочный фильтр 54.1
900 Электронные ресурсы __
a Имя электронного ресурса в. лифляндский здоровый
901 Тип документа __
t Тип документа m